000
00249nam a2200109Ia 4500
008
190216s9999||||xx |||||||||||||| ||und||
100
_a
Ravi Chopra
245
0
_a
Bbs
260
_b
Galgotia Publication Pvt Ltf
_c
1998
300
_a
1234p
942
_c
REF
999
_c
36566
_d
36566